000 00640nam a2200217Ia 4500
005 20241129115841.0
008 241129s9999||||xx |||||||||||||| ||und||
020 _a9781108498340
037 _aTB
040 _aSDCL
_beng
_cSDCL
041 _aeng
_2eng
084 _aZ(Q),1227, R2
_qSDCL
100 _aSaxena Saumya
_9527301
245 0 _aDivorce and democracy : A history of personal law in post-independence India
260 _aNew Delhi
_bCambridge University Press
_c2022
300 _axvi,377p.
365 _aINR
_b1295
650 _aPolitical Science
942 _cTB
_hZ(Q),1227, R2
999 _c1232281
_d1232281